000 00340nam a2200157Ia 4500
005 20250425161726.0
008 250425s9999 xx 000 0 und d
041 _aeng
082 _aIBM4381
245 0 _aWORLD FISHING SEPT70
250 _aS.E.
260 _aS.L.
260 _aSin Pais
_bS.E.
_c1970
942 _c01
010 _a26715
999 _c214841
_d214841